WWE - Final Champions - Statistics

General Stats
  • This quiz has been taken 569 times
    347 since last reset
  • The average score is 9 of 23
Answer Stats
Final... Year Title Retired Wrestler % Correct
WWE Diva's Champion 2016 Charlotte Flair
81%
World Heavyweight Champion 2013 Randy Orton
75%
ECW Champion 2010 Ezekiel Jackson
64%
WCW World Champion 2001 Chris Jericho
62%
WWE European Champion 2002 Rob Van Dam
54%
WWE Hardcore Champion 2002 Rob Van Dam
54%
WWE 24/7 Champion 2022 Nikki Cross
53%
WWE Cruiserweight Champion 2007 Hornswoggle
46%
WWE Women's Champion 2010 Layla
46%
WCW Tag Team Champions 2001 Bubba Ray Dudley
37%
WCW Tag Team Champions 2001 D-Von Dudley
36%
NXT United Kingdom Champion 2022 Tyler Bate
34%
World Tag Team Champions 2010 David Hart Smith
33%
World Tag Team Champions 2010 Tyson Kidd
33%
WWF Light Heavyweight Champion 2001 X-Pac
33%
NXT Women's Tag Team Champions 2023 Alba Fyre
32%
NXT Women's Tag Team Champions 2023 Isla Dawn
31%
NXT Cruiserweight Champion 2022 Carmelo Hayes
29%
NXT UK Women's Champion 2022 Meiko Satomura
19%
WWF Women's Tag Team Champions 1989 Leilani Kai
16%
WWF Women's Tag Team Champions 1989 Judy Martin
12%
NXT UK Tag Team Champions 2022 Brooks Jensen
11%
NXT UK Tag Team Champions 2022 Josh Briggs
11%
No matching quizzes found
Score Distribution
Percent of People with Each Score
Percentile by Number Answered
Your Score History
You have not taken this quiz since the last reset